| 000 | 01122cam a22003497a 4500 | ||
|---|---|---|---|
| 003 | CHAP | ||
| 005 | 20220329141345.0 | ||
| 008 | 971013s1988 r 00010 d | ||
| 010 | _a66962 | ||
| 011 | _a67934 | ||
| 035 | _a77406 | ||
| 040 | _cCHAP | ||
| 082 |
_a664.09725 _bA7 |
||
| 100 | 0 | 0 |
_aArroyo, Gonzalo. _97549 |
| 245 | 0 |
_aDesarrollo biotecnológico en la producción agroalimentaria de México _b: orientaciones de política |
|
| 260 |
_aMéxico : _bCEPAL, _c1988 |
||
| 300 | _a118 p. | ||
| 490 | 0 | _aLC-MEX IL.77 | |
| 590 |
_aBATCH-UPD _b10 _c20130110 _lUCH01 _h0312 |
||
| 590 |
_aBATCH-UPD _b10 _c20130110 _lUCH01 _h1323 |
||
| 590 |
_aBATCH-UPD _b10 _c20130409 _lUCH01 _h2344 |
||
| 590 |
_aBATCH-UPD _b10 _c20130914 _lUCH01 _h0043 |
||
| 590 |
_aCONVERSION _b10 _c20130109 _lUCH01 _h1337 |
||
| 650 | 1 | 4 |
_aAgricultura _zMéxico. _91932 |
| 650 | 1 | 4 |
_aAlimentos _xIndustria. _94227 |
| 650 | 1 | 4 |
_aAlimentos _xTecnología. _94284 |
| 700 | 0 |
_aWissbluth, Mario. _9122342 |
|
| 830 | 0 |
_aLC-MEX IL.77 _965231 |
|
| 901 | _aBK | ||
| 942 | _cLIBRO | ||
| 949 |
_a664.09725 A7 _bBC _cLIBRO _d33724000133948 _eLIBRO _h74540 _i77406 _mD _si |
||
| 999 |
_c66962 _d66962 |
||